El daño moral en el contrato de trabajo

Tallennettuna:
Bibliografiset tiedot
Päätekijä: Gamonal Contreras, Sergio (autor)
Aineistotyyppi: Kirja
Kieli:espanja
Julkaistu: Santiago LexisNexis 2005
Painos:1a. ed
Sarja:Derecho del Trabajo y Seguridad Social
Aiheet:
Tagit: Lisää tagi
Ei tageja, Lisää ensimmäinen tagi!

MARC

LEADER 00000nam a2200000 a 4500
001 UCK8085
003 CL-VaPUC
008 060113e20050000CL |||||||||||||||||spa|d
020 |a 9562385841 
082 0 4 |a 344.8301  |b GAM  |2 21 
100 |a Gamonal Contreras, Sergio  |e autor  |9 344 
245 1 3 |a El daño moral en el contrato de trabajo 
250 |a 1a. ed 
300 |a 194 p 
942 |c BK 
945 |d 20060113 00:00:00  |a jtorresc 
260 |a Santiago  |b LexisNexis  |c 2005 
650 0 |a Daño moral   |9 430896 
650 7 |a DAÑOS Y PERJUICIOS  |2 CL-VaPUC  |9 497887 
650 7 |a DAÑO CONTRACTUAL  |2 CL-VaPUC  |9 387204 
650 7 |a DERECHO LABORAL  |2 CL-VaPUC  |9 15 
583 |a last modification  |c 20191004 12:19:42  |k Rodrigo Vera 
490 0 |a Derecho del Trabajo y Seguridad Social 
999 |c 315909  |d 315907 
952 |0 0  |1 0  |4 0  |6 344_830100000000000_GAM_2005  |7 0  |8 A  |9 389770  |a BIBDER  |b BIBDER  |d 2019-11-22  |i 4200950  |o 344.8301 GAM 2005  |p 4200950  |r 2023-01-25  |w 2019-11-22  |y BK  |k DER